Military Power : (Record no. 592798)
[ view plain ]
| 000 -LEADER | |
|---|---|
| fixed length control field | 00716nam a22001337a 4500 |
| 040 ## - CATALOGING SOURCE | |
| Transcribing agency | NUST |
| 082 ## - DEWEY DECIMAL CLASSIFICATION NUMBER | |
| Classification number | 355.02,BID |
| 100 ## - MAIN ENTRY--PERSONAL NAME | |
| Personal name | Biddle, Stephen |
| 9 (RLIN) | 105780 |
| 245 ## - TITLE STATEMENT | |
| Title | Military Power : |
| Remainder of title | Explaining Victory and Defeat in Modern Bttle / |
| Statement of responsibility, etc. | Stephen Biddle |
| 260 ## - PUBLICATION, DISTRIBUTION, ETC. | |
| Place of publication, distribution, etc. | Lahore |
| Name of publisher, distributor, etc. | Army Education |
| Date of publication, distribution, etc. | 2005 |
| 300 ## - PHYSICAL DESCRIPTION | |
| Extent | 337 p.: |
| 505 ## - FORMATTED CONTENTS NOTE | |
| Formatted contents note | Introduction (Page-1), A Literature Built on Weak Foundations (Page-14), The Modern System (Page-28), The Modern System, Preponderance, and Change Technology (Page-52), Operation Michael (Page-78), Operation Good wood (Page-108), Operation Desert Storm (Page-132), Statistical Tests (Page-150), Experimental Tests (Page-181), Conclusion (Page-190). |
| 942 ## - ADDED ENTRY ELEMENTS (KOHA) | |
| Source of classification or shelving scheme | |
| Koha item type | Book |
| Call number suffix | 355.02,BID |
| Withdrawn status | Lost status | Source of classification or shelving scheme | Damaged status | Not for loan | Permanent Location | Current Location | Shelving location | Date acquired | Total Checkouts | Full call number | Barcode | Date last seen | Price effective from | Koha item type | Public note |
|---|---|---|---|---|---|---|---|---|---|---|---|---|---|---|---|
| Military College of Signals (MCS) | Military College of Signals (MCS) | General Stacks | 12/23/2022 | 355.02,BID | MCS38527 | 12/23/2022 | 12/23/2022 | Book | Almirah No.51, Shelf No.5 | ||||||
| Military College of Signals (MCS) | Military College of Signals (MCS) | General Stacks | 12/23/2022 | 355.02,BID | MCS38526 | 12/23/2022 | 12/23/2022 | Book | Almirah No.51, Shelf No.5 |
